=LDR 00000nam 2200000 4500 =001 INLIS000000000031531 =005 20251206082924 =035 ##$$a 0010-061300000031531 =008 251206###########################0#ind## =041 ##$$a ind =082 ##$$a 028.5 =090 ##$$a 029.5, Set, p =100 ##$$a SETIAWAN,Dwiyanto =245 1#$$a Penemuan Termometer , /$c Dwiyanto Setiawan =260 ##$$a Jakarta :$b Elex Media Komputindo,$c 2007 =300 ##$$a 27 hlm. : $b ilus ; $c 17 cm =650 #4$$a BACAAN ANAK-ANAK =850 ##$$a NBPNMAT =020 ##$$a 978-979-27-0722-9 =084 ##$$a 028.5 SET p =990 ##$$a 11311131 =990 ##$$a 20904246